Vocabulary Mega-Challenge #1 - Statistics

General Stats
  • This quiz has been taken 158,241 times
  • The average score is 10 of 20
Answer Stats
Definition # Answer % Correct
To improve, make better 7 Enh{ance}
89%
A longing for the past 9 Nos{talgia}
88%
Totally unaware 9 Obl{ivious}
88%
Fluent and persuasive in speech 8 Elo{quent}
86%
Fake, false 10 Frau{dulent}
86%
To keep in medical isolation 10 Qu{arantine}
86%
A system with ranked groups 9 Hie{rarchy}
84%
To put at risk 10 Jeo{pardize}
84%
Cancel; deny 6 Neg{ate}
84%
Easily fooled 8 Gu{llible}
83%
Adversary, archenemy 7 Ne{mesis}
83%
Unbiased, not subjective 9 Ob{jective}
83%
Person who makes maps 12 Ca{rtographer}
82%
Unusual, strange, odd 9 Ecc{entric}
82%
To lessen, make less severe 8 Mit{igate}
81%
To counter, make unimportant 7 Nul{lify}
81%
Ordinary, worldly 7 Mun{dane}
80%
Disease due to lack of Vitamin C 6 Scu{rvy}
80%
Able to be touched 8 Tan{gible}
80%
Elation, happiness, joy 8 Eu{phoria}
79%
Characterised by motion 7 Ki{netic}
79%
On a grand scale; wasteful 6 Lav{ish}
79%
Very careful, painstaking 10 Met{iculous}
79%
To destroy, demolish 10 Obl{iterate}
79%
No longer used; out of date 8 Obs{olete}
79%
Vulnerable 11 Susc{eptible}
79%
A deeply disturbing experience 6 Tr{auma}
79%
Very angry 5 Ir{ate}
78%
Maze 9 La{byrinth}
78%
A compulsion to start fires 9 Py{romania}
78%
A different line of thought 7 Tan{gent}
78%
Afraid of foreigners 10 X{enophobic}
78%
Passageway between rows of seats 5 A{isle}
77%
Make a mistake 3 E{rr}
77%
A deep cut 10 Lac{eration}
77%
Society governed by women 10 Mat{riarchy}
77%
A special right or advantage 9 Priv{ilege}
77%
To moderate, soften 6 Tem{per}
77%
To prevent, frustrate 6 Thw{art}
77%
To prove right; remove blame 9 Vin{dicate}
77%
Dangerously unstable 8 Vol{atile}
77%
Offensive to religion 11 Blas{phemous}
76%
An independent minded person 8 Mav{erick}
76%
Hatred of women 8 Mis{ogyny}
76%
Conjoined, contradictory terms 8 Ox{ymoron}
76%
To worship 6 Rev{ere}
76%
To long for intensely 5 Y{earn}
76%
Rough, coarse, harsh 8 Abr{asive}
75%
Distrustful of human sincerity 7 Cy{nical}
75%
Doubtful 7 Sus{pect}
75%
Athletic event with 10 events 9 De{cathlon}
74%
Stubborn, willful 10 Head{strong}
74%
Wander from side to side 7 Me{ander}
74%
The act of stealing other's writing 10 Pla{giarism}
74%
To illegally take power 5 U{surp}
74%
A believer in an ideal world 7 Ut{opian}
74%
To expose false claims or myths 6 Deb{unk}
73%
Economical; not wasting anything 6 Fr{ugal}
73%
Tolerant, accepting 7 Len{ient}
73%
Brightly shining 8 Lum{inous}
73%
Relevant 9 Pert{inent}
73%
Very religious 5 Pi{ous}
73%
Forceful 8 Veh{ement}
73%
Doubtful 7 Du{bious}
72%
Wandering from place to place 7 Nom{adic}
72%
Section of a poem 6 St{anza}
72%
Lucky charm 8 Tal{isman}
72%
Resolute, holding firm to a purpose 9 Tena{cious}
72%
To renounce the throne 8 Ab{dicate}
71%
To support, prop up 7 Bol{ster}
71%
A magical potion 6 El{ixir}
71%
Useless, hopeless 6 Fu{tile}
71%
To confuse 8 Bef{uddle}
70%
Psychic; mystic 11 Clai{rvoyant}
70%
Clear pronuncation, articulation 11 Enu{nciation}
70%
The study of words 9 Et{ymology}
70%
Praise for an achievement 5 Ku{dos}
70%
Dull, monotonous, bland 10 Lack{luster}
70%
A small Irish sprite 10 Le{prechaun}
70%
To move or swing back and forth 9 Os{cillate}
70%
A case for holding arrows 6 Qu{iver}
70%
Dizziness 7 Ve{rtigo}
70%
To desist, go without 7 Abs{tain}
69%
Soothing ointment 4 B{alm}
69%
Believable 8 Cr{edible}
69%
A male bee 5 Dr{one}
69%
To fool someone 4 Du{pe}
69%
A sudden revelation 8 Epi{phany}
69%
A complete failure or collapse 6 Fia{sco}
69%
A category; type 5 Ge{nre}
69%
Pouched mammal 9 M{arsupial}
69%
Causing trouble in a playful way 11 Misch{ievous}
69%
An idiot 10 Nin{compoop}
69%
Wealthy, luxuriant 7 Op{ulent}
69%
The act of lying under oath 7 P{erjury}
69%
To refine an ore 5 Sm{elt}
69%
Hidden, undercover 6 Co{vert}
68%
Staying power, stamina 9 End{urance}
68%
Puzzle, mystery 6 En{igma}
68%
Egyptian picture writing 13 Hi{eroglyphics}
68%
Ridiculous, silly 9 Lu{dicrous}
68%
To rebound off a surface 8 Ri{cochet}
68%
To depart hurriedly 9 Sked{addle}
68%
To swagger around; show off 5 Str{ut}
68%
Essential 5 V{ital}
68%
A summit; high point 6 Z{enith}
68%
Craftsman 7 Art{isan}
67%
Bowl used to drain vegetables 8 Col{ander}
67%
Infamous 9 Not{orious}
67%
Small, high-pitched flute 7 Pi{ccolo}
67%
Minor battle 8 Ski{rmish}
67%
Comfort for grief 6 Sol{ace}
67%
Worried; fearful 12 App{rehensive}
66%
To talk down to 10 Con{descend}
66%
To wave arms about wildly 5 Fl{ail}
66%
Sluggish, apathetic 9 Le{thargic}
66%
Symbolic. figurative 10 Met{aphoric}
66%
To hate 5 Ab{hor}
65%
Dignified, correct behaviour 7 Deco{rum}
65%
Obscure, difficult to understand 8 Eso{teric}
65%
Annoying; infuriating 7 Irk{some}
65%
Satiric; unexpected 6 Ir{onic}
65%
A massive inexorable force 10 Jug{gernaut}
65%
Reasonable, believable 9 Pl{ausible}
65%
An accomplished musician 8 Vir{tuoso}
65%
Fake, false 11 Coun{terfeit}
64%
Gentle and easily lead 6 Do{cile}
64%
To obstruct 6 Hi{nder}
64%
A raised platform 6 Po{dium}
64%
Deeply moving 8 Poi{gnant}
64%
Ravenously hungry 9 Vor{acious}
64%
Playful, mischievous 9 Whi{msical}
64%
To give way 5 Y{ield}
64%
A prejudiced person 5 Bi{got}
63%
To defraud, steal 8 Emb{ezzle}
63%
Storage area for a plane 6 Ha{ngar}
63%
To put in motion; initiate 9 Inst{igate}
63%
Specialized language 6 Ja{rgon}
63%
Extremely small, tiny 9 Minu{scule}
63%
An excess 8 Plet{hora}
63%
Fleet of ships 6 Ar{mada}
62%
Engaged to be married 9 Be{trothed}
62%
Sudden loud laughter 6 Guf{faw}
62%
Unreasonable, absurd 10 Irr{ational}
62%
To start a fire 6 Ki{ndle}
62%
Theft; robbery; stealing 7 Lar{ceny}
62%
Feathers of a bird 7 Plu{mage}
62%
To fall suddenly and steeply 7 Plu{mmet}
62%
Very large; spacious 10 Vol{uminous}
62%
Hesitant, cautious 4 W{ary}
62%
Mercy 8 Cle{mency}
61%
Coarse, granular 6 Gri{tty}
61%
Exaggerated self-confidence 6 Hu{bris}
61%
Spear; spike; javelin 5 L{ance}
61%
New, unusual 5 No{vel}
61%
A fine shade of meaning 6 Nu{ance}
61%
Stare or look at amorously 4 O{gle}
61%
A summons to appear in court 8 Sub{poena}
61%
Stream of verbal abuse 6 Ti{rade}
61%
Crazy, wacky 4 Z{any}
61%
Hardship 9 Adv{ersity}
60%
A classic example of 9 Arch{etype}
60%
Extended gunfire to cover an attack 7 Bar{rage}
60%
Obvious, unashamed, flagrant 7 Bl{atant}
60%
Discordant loud noises 9 Cac{ophony}
60%
Commander of 100 soldiers 9 Cen{turion}
60%
Mass scattering of an ethnic population 8 Dia{spora}
60%
To hinder; obstruct 6 Ham{per}
60%
Dull; unvarying 10 Mono{tonous}
60%
Having no special features 11 Nonde{script}
60%
All-knowing 10 Omn{iscient}
60%
Picturesque 6 Qu{aint}
60%
Especially difficult, taxing 7 Ar{duous}
59%
To place next to 9 Ju{xtapose}
59%
Detective 6 Sl{euth}
59%
Concise 8 Suc{cinct}
59%
Late, overdue, delayed 5 T{ardy}
59%
Medicinal; curative 11 Ther{apeutic}
59%
Cause a detour 6 Di{vert}
58%
A sculpture of a person 6 Ef{figy}
58%
To confuse, make unclear 9 Obf{uscate}
58%
To read carefully 6 Per{use}
58%
Rebellious; revolutionary 10 Subv{ersive}
58%
Grumpy, rude 5 Sur{ly}
58%
Absent without permission 6 Tru{ant}
58%
Fanatic 6 Ze{alot}
58%
Showy; ornate 10 Fla{mboyant}
57%
Not serious, trifling 9 Fri{volous}
57%
Charmingly simple and serene 7 Id{yllic}
57%
Bitterness, resentment 8 Jaun{dice}
57%
Place of refuge or safety 6 As{ylum}
56%
Giving careful attention to detail 10 Fast{idious}
56%
Domination over others 8 Heg{emony}
56%
Not obvious 6 Su{btle}
56%
Existing everywhere, widespread 10 Ub{iquitous}
56%
Practical, functional 11 Util{itarian}
56%
Severely plain 7 Aus{tere}
55%
Ecstatic, delighted 8 Ju{bilant}
55%
Vague 8 Neb{ulous}
55%
Mentally dull 6 Ob{tuse}
55%
Derogatory 10 Pej{orative}
55%
A Swedish buffet of cold dishes 11 Smor{gasbord}
55%
Solo speech 9 Soli{loquy}
55%
Wine expert 9 So{mmelier}
55%
Bootlicker, flatterer 9 Syc{ophant}
55%
Not certain, cautious 9 Ten{tative}
55%
Seriousness 7 Gra{vity}
54%
Harmful, poisonous 7 No{xious}
54%
Fortuneteller 10 Soo{thsayer}
54%
Large book 4 T{ome}
54%
To come together, merge 8 Coal{esce}
53%
To make clear 9 Elu{cidate}
53%
Prod or urge to do something 4 Go{ad}
53%
Spreading everywhere 9 Perv{asive}
53%
Petitioner in a court of law 9 Pl{aintiff}
53%
Distant but within sight 6 Yo{nder}
53%
Relating to sound 8 Ac{oustic}
52%
To agree to, give in to 9 Acq{uiesce}
52%
Arrogant, pompous language 7 Bom{bast}
52%
Middle class 9 Bou{rgeois}
52%
Bravery 9 For{titude}
52%
Inherited; inborn 6 Inn{ate}
52%
Throw away or drop from a ship 8 Jet{tison}
52%
Spicy, tangy in flavour 7 Piq{uant}
52%
Calm, peaceful 6 Pl{acid}
52%
Shining; glowing 11 Respl{endent}
52%
Secretive, sneaky 13 Surrep{titious}
52%
Flimsy, frail, delicate 5 Wis{py}
52%
Sharp; pungent (of smell or taste) 5 Ac{rid}
51%
Active in the daytime 7 Di{urnal}
51%
Boredom 5 En{nui}
51%
Cold; icy 7 Gl{acial}
51%
Self-indulgence, pleasure-seeking 8 He{donism}
51%
Whirlpool 9 Mae{lstrom}
51%
A collection of animals 9 Men{agerie}
51%
A wrong name 8 Mis{nomer}
51%
Of significant importance 9 Mom{entous}
51%
Surface coating 6 Ven{eer}
51%
To sharpen the blade of 4 Wh{et}
51%
Total failure, disaster 7 Deb{acle}
50%
Lively, vibrant, energetic 7 Dy{namic}
50%
Short-lived, fleeting 9 Eph{emeral}
50%
Indirect, slanting 7 Obl{ique}
50%
A sheath for a sword 8 Sca{bbard}
50%
To move in waves 8 Un{dulate}
50%
Talkative; long-winded 7 Ver{bose}
50%
Oxen's harness 4 Y{oke}
50%
Strong admiration; worship 9 Adu{lation}
49%
To cut back, reduce in extent 7 Cur{tail}
49%
Unpredictable; easily swayed 6 Fi{ckle}
49%
Free of charge 6 Gr{atis}
49%
A rebel 9 Insu{rgent}
49%
Plastic tube at the end of a shoelace 5 Ag{let}
48%
Harmless; inoffensive 9 Inno{cuous}
48%
An acquired or natural skill 5 Kn{ack}
48%
Shameful, very bad 13 Repr{ehensible}
48%
Historical religious tax of 10% 5 T{ithe}
48%
To disparage, denigrate 6 Vil{ify}
48%
Fear of heights 10 Ac{rophobia}
47%
A bruise 9 Con{tusion}
47%
A model of a scene 7 Di{orama}
47%
To criticize, belittle 9 Disp{arage}
47%
Hidden and secretive 7 Fur{tive}
47%
Brave, adventurous 8 Intr{epid}
47%
A small, natural hill 5 K{noll}
47%
Lowest point 5 Na{dir}
47%
Suitable for sailing 9 Nav{igable}
47%
Speak pompously or dogmatically 11 Pont{ificate}
47%
A tribute, honor, praise 8 Acc{olade}
46%
Start to discuss; approach 6 Br{oach}
46%
Excessively harsh and severe 9 Dra{conian}
46%
Tired, bored, worn out 5 Ja{ded}
46%
Correct in judgment; wise 9 Jud{icious}
46%
Hidden; covered; buried 8 Ob{scured}
46%
Fame 6 Ren{own}
46%
Experienced secondhand 9 Vic{arious}
46%
Forgiveness, pardon 10 Abs{olution}
45%
To solidify or coagulate 7 Con{geal}
45%
To give voting rights 11 Enfr{anchise}
45%
Consisting of iron 7 Fe{rrous}
45%
Cunning, craftiness 5 Gu{ile}
45%
Graceful, flexible, supple 5 Li{the}
45%
A steep slope 9 Prec{ipice}
45%
Marsh; bog 8 Qu{agmire}
45%
To recoil or shrink in fear 5 Co{wer}
44%
A slow, lazy manner of speech 5 Dr{awl}
44%
Nonsense 6 Dri{vel}
44%
Interruption, pause 6 Hi{atus}
44%
To decay, fade away 8 Lan{guish}
44%
A small amount 7 Mod{icum}
44%
Gloomy; bad tempered 6 Mor{ose}
44%
To cuddle, snuggle up to 6 Nu{zzle}
44%
Lying face upwards 6 Su{pine}
44%
Kindly, harmless 6 Ben{ign}
43%
Unwarranted, uncalled for 10 Grat{uitous}
43%
Hater of the rest of mankind 11 Mis{anthrope}
43%
Calm indifference 11 Non{chalance}
43%
A break; intermission 7 Res{pite}
43%
Vehement, noisy 10 Voci{ferous}
43%
Tacitly support; overlook 7 Cond{one}
42%
Puzzling, enigmatic 7 Cr{yptic}
42%
Respect 9 Def{erence}
42%
Worked-up; not calm 9 Flu{stered}
42%
Calm; composed; self-assured 6 Po{ised}
42%
Melancholy, pensive 7 Wis{tful}
42%
Refusing to be persuaded 7 Ad{amant}
41%
Fond of company; sociable 10 Gre{garious}
41%
Mysterious; impenetrable 11 Inscr{utable}
41%
Solemn sound of a bell 5 Kn{ell}
41%
Tired; slow 7 Lan{guid}
41%
To praise 4 L{aud}
41%
Wicked, immoral 9 Ne{farious}
41%
To turn to bone 6 Os{sify}
41%
The prongs of a fork 5 T{ines}
41%
Uproar; noise 6 Tu{mult}
41%
A slight wind 6 Z{ephyr}
41%
Theatrical; exaggerated 10 Hist{rionic}
40%
A short pleasure trip 5 Ja{unt}
40%
Temporary halt to activity 10 Mora{torium}
40%
To irritate, annoy 6 Net{tle}
40%
Oddity 5 Q{uirk}
40%
To back out of a promise 6 Ren{ege}
40%
Frail, wrinkled from age or illness 7 Wiz{ened}
40%
Humorously sarcastic or mocking 3 W{ry}
40%
To make better 10 Ame{liorate}
39%
To show irritation 7 Bri{stle}
39%
Ultra-fine like a spider's web 8 Gos{samer}
39%
The theory or philosophy of law 13 Juri{sprudence}
39%
Relinquish; give up one's rights 5 W{aive}
39%
A free man with his own land 6 Ye{oman}
39%
Skillful 6 Adr{oit}
38%
Someone who boasts 8 Bra{ggart}
38%
A purging of pent-up emotions 9 Cat{harsis}
38%
Distress or embarassment 7 Cha{grin}
38%
A grumpy person 10 Cur{mudgeon}
38%
Discord; disagreement 10 Disso{nance}
38%
A groove 6 Fur{row}
38%
Arrogance, pride 11 Hau{ghtiness}
38%
Talkative 10 Lo{quacious}
38%
Emerging; newly formed 7 Nas{cent}
38%
Dirty and unpleasant 7 Squ{alid}
38%
Of little value; gaudy 6 Taw{dry}
38%
To cause or give rise to 8 Enge{nder}
37%
One-eighth of a mile 7 F{urlong}
37%
Sporadic; irregular 12 Inter{mittent}
37%
A thin slice of bacon 6 Ra{sher}
37%
Container; vessel; holder 10 Rec{eptacle}
37%
Uneducated countryman 5 Yo{kel}
37%
Ill-mannered 7 Boo{rish}
36%
Belief contrary to orthodox opinion 6 He{resy}
36%
Easily angered 9 Iras{cible}
36%
Loud and harsh 8 Stri{dent}
36%
Deceit used to achieve one's goal 10 Sub{terfuge}
36%
Concise, to the point 5 Te{rse}
36%
Time long past 4 Y{ore}
36%
Wandering; irregular 7 Err{atic}
35%
A doorpost 4 J{amb}
35%
Garish or sentimental art 6 Ki{tsch}
35%
Someone engaged in a lawsuit 8 Lit{igant}
35%
A charlatan; a fake 5 Q{uack}
35%
Boredom 6 Te{dium}
35%
Dull; uninspiring 5 Va{pid}
35%
Fertile; fruitful 6 Fec{und}
34%
In large numbers 6 My{riad}
34%
Echoing; continuing to ring 8 Res{onant}
34%
Uncommunicative; restrained 8 Ret{icent}
34%
Extremely good; the best 11 Super{lative}
34%
Dangerous; harmful 8 Vir{ulent}
34%
In a joking manner 7 Joc{ular}
33%
Courage; bravery 6 Met{tle}
33%
Short dagger 8 Sti{letto}
33%
To increase; to grow 3 W{ax}
33%
Young dog 5 Wh{elp}
33%
Mournful song 5 Di{rge}
32%
Intricate and refined delicacy 7 Fin{esse}
32%
Wander in pursuit of pleasure 9 Gall{ivant}
32%
Lacking ease or grace; awkward 6 Gau{che}
32%
On the point of death 8 Mori{bund}
32%
Very rebellious 8 Mu{tinous}
32%
Big fire 13 Con{flagration}
31%
Defy the rules 5 Fl{out}
31%
Happening by chance 10 For{tuitous}
31%
Of central importance 7 Pi{votal}
31%
Slow and heavy; weighty 9 Pon{derous}
31%
Stun into silence 7 Stu{pefy}
31%
Giggle quietly 6 Ti{tter}
31%
Crafty, cunning, fox-like 7 Vu{lpine}
31%
Fat, obese 9 Cor{pulent}
30%
Gullible, ready to believe anything 9 Cre{dulous}
30%
Dryly amusing 5 Dr{oll}
30%
Inactivity; lethargy 7 Ine{rtia}
30%
Excessively patriotic 10 Jin{goistic}
30%
To ridicule or spoof 7 Lam{poon}
30%
Oversentimental, weepy 7 Mau{dlin}
30%
A dominating concern 9 Obs{ession}
30%
Childish 7 Pue{rile}
30%
Liveliness, animation 8 Viv{acity}
30%
Cautious; considering all sides 11 Circ{umspect}
29%
To drain of blood 12 Ex{sanguinate}
29%
Establish a working relationship 6 Lia{ise}
29%
Volatile; changeable 9 Mer{curial}
29%
Timid or meek person 11 Milq{uetoast}
29%
Servile, submissive 10 Obse{quious}
29%
Small tomb or monument for the dead 9 Sep{ulchre}
29%
A departure, a withdrawal 6 Eg{ress}
28%
Impossible to stop or prevent 10 Inex{orable}
28%
One's range of knowledge 3 K{en}
28%
Fastidious; fussy 11 Persn{ickety}
28%
Filled, well stocked 7 Rep{lete}
28%
A stay of execution 8 Rep{rieve}
28%
Corrosive; strongly attacking 9 Vit{riolic}
28%
Satisfy, fulfil, gratify 7 Ass{uage}
27%
The dawn 6 Au{rora}
27%
Dead flesh; carcasses 7 Car{rion}
27%
Food lover 7 Ep{icure}
27%
Relevant 7 Ger{mane}
27%
Ghastly, sensational 5 Lu{rid}
27%
To foretell 7 Por{tend}
27%
Something that is hunted 6 Qu{arry}
27%
Payment for work done 12 Rem{uneration}
27%
Flimsy; not solid 7 Ten{uous}
27%
War-like; aggressive 9 Bell{icose}
26%
Involve in hostility or argument 7 Emb{roil}
26%
Speak ambiguously to conceal truth 10 Equi{vocate}
26%
Shockingly wicked, repugnant 7 He{inous}
26%
A deceitful scoundrel 5 K{nave}
26%
To drink down quickly 5 Qu{aff}
26%
A voting rights campaigner 10 Suf{fragist}
26%
Resentment, offense 7 Um{brage}
26%
Generosity 7 Lar{gess}
25%
Of supernatural character 7 Unc{anny}
25%
Abandonment of religious faith 8 Apo{stasy}
24%
A particular point in events or time 8 Jun{cture}
24%
Sleepwalker 12 Som{nambulist}
24%
Frolic; leap; bound 6 Gam{bol}
23%
Habitual grinding of teeth 7 Bru{xism}
22%
Active at dawn and dusk 11 Crep{uscular}
22%
Cheerful, full of energy 9 Eb{ullient}
22%
Blissful, delightful 7 Ely{sian}
22%
Never-ending 12 Inter{minable}
22%
A dilemma; puzzling situation 8 Qu{andary}
22%
Daily 9 Qu{otidian}
22%
Illusion, fantasy, impossibility 7 Chi{mera}
21%
A lure; trap; trick 5 De{coy}
21%
A noisy, aggressive speech 8 Har{angue}
21%
Tearful, sad 10 Lach{rymose}
21%
A quality of sadness or pity 6 Pa{thos}
21%
Hesitation or fear 5 Q{ualm}
21%
Unrealistically optimistic 8 Qui{xotic}
21%
Immature; juvenile 10 Sop{homoric}
21%
Proud and haughty 12 Super{cilious}
21%
Humiliation, degradation 9 Aba{sement}
20%
Weakness; incapacity 8 Deb{ility}
20%
Happy, peaceful, carefree 7 Hal{cyon}
20%
Brief, to the point 7 Lac{onic}
20%
Lying, deceitful 10 Men{dacious}
20%
Social environment 6 Mi{lieu}
20%
Lengthy process 9 Rig{marole}
20%
Superficially plausible but wrong 8 Spe{cious}
20%
Cowardly; fearful; timid 8 Tim{orous}
20%
To cancel, deny, repeal 8 Abr{ogate}
19%
Think over something; ponder 8 Cog{itate}
19%
Gaiety, happiness 7 Jol{lity}
19%
Complex, difficult to solve 6 Kn{otty}
19%
Generous; charitable 10 Muni{ficent}
19%
A small offense or sin 10 Pecc{adillo}
19%
Small sketch 8 Vi{gnette}
19%
Irritable; difficult to control 9 Fra{ctious}
17%
Stubborn 8 Obd{urate}
17%
Smooth or greasy in manner 8 Unc{tuous}
16%
A foolish old person 6 Dot{ard}
15%
A lover of words 9 Lo{gophile}
15%
Traitorous collaborator 8 Qui{sling}
15%
Relating to the writing of letters 10 Epi{stolary}
14%
A lotion to relieve the body of pain 8 Lin{iment}
14%
Long burst of gunfire 9 Fus{illade}
13%
Noisy and boisterous 12 Obst{reperous}
13%
Of doubtful authenticity 10 Apo{cryphal}
12%
Formal conversation 8 Coll{oquy}
12%
Naïve, simplistic 6 Je{june}
12%
Healthful; beneficial 10 Sal{ubrious}
12%
Talkative 7 Vol{uble}
12%
Swelling like waves 9 Bi{llowing}
11%
Always complaining 9 Que{rulous}
11%
Casual, indifferent 6 Bl{ithe}
10%
Deception; sleight of hand 11 Leg{erdemain}
10%
Two dozen sheets of paper 5 Q{uire}
10%
Causing debate or argument 9 Pol{emical}
9%
An established custom 4 Wo{nt}
9%
An interruption or break 7 Cae{sura}
8%
To release from slavery 7 Man{umit}
8%
Transparently clear 8 Pel{lucid}
8%
Statement giving strong praise 7 Pla{udit}
8%
Bribe someone to commit perjury 6 Sub{orn}
8%
Lover of luxury 8 Syb{arite}
8%
Military disciplinarian, taskmaster 8 Mar{tinet}
7%
Supernatural, spiritual 8 Num{inous}
7%
Left-handed 9 Sin{istral}
7%
An alignment of celestial objects 6 Sy{zygy}
7%
Unfairly discriminating; unjust 9 Invi{dious}
6%
No matching quizzes found
Score Distribution
Percent of People with Each Score
Percentile by Number Answered
Your Score History
You have not taken this quiz